Комедии: перевод с французкого
| Glavni autor: | |
|---|---|
| Daljnji autori: | , , |
| Sažetak: | В ряду гениев мировой литературы Жан-Батист Мольер (1622-1673) занимает одно из самых видных мест. Комедии Мольера переведены почти на все языки мира. Имя Мольера блистает во всех трудах по истории мировой литературы. В книгу вошли произведения: "Смешные жеманницы", "Брак поневоле", "Тартюф, или Обманщик", "Дон Жуан, или Каменный гость", "Мизантроп", "Лекарь поневоле", "Скупой", "Господин де Пурсоньяк", "Мещанин во дворянстве", "Плутни Скапена", "Мнимый больной". |
| Jezik: | ruski |
| Izdano: |
Москва, Художественная литература, 1972
|
| Serija: | Зарубежная классическая литература Библиотека всемирной литературы Т. 44 Серия первая. Литература Древнего Востока, Античного мира, Средних веков, Возрождения, XVII и XVIII вв. |
| Teme: | |
| Format: | MixedMaterials Knjiga |
| KOHA link: | https://koha.lib.tpu.ru/cgi-bin/koha/opac-detail.pl?biblionumber=175836 |
MARC
| LEADER | 00000nam0a2200000 4500 | ||
|---|---|---|---|
| 001 | 175836 | ||
| 005 | 20231031165149.0 | ||
| 035 | |a (RuTPU)RU\TPU\book\190634 | ||
| 035 | |a RU\TPU\book\112508 | ||
| 090 | |a 175836 | ||
| 100 | |a 20100218d1972 m y0rusy5003 ca | ||
| 101 | 1 | |a rus |c fre | |
| 102 | |a RU | ||
| 105 | |a ac z 000ab | ||
| 200 | 1 | |a Комедии |e перевод с французкого |f Ж.-Б. Мольер |g авт. предисл. Г. Бояджиева ; худож. П. Бриссар ; пер. Н. Яковлева | |
| 210 | |a Москва |c Художественная литература |d 1972 | ||
| 215 | |a 662 с. | ||
| 225 | 1 | |a Зарубежная классическая литература | |
| 225 | 1 | |a Библиотека всемирной литературы |v Т. 44 | |
| 225 | 1 | |a Зарубежная классическая литература | |
| 225 | 1 | |a Серия первая. Литература Древнего Востока, Античного мира, Средних веков, Возрождения, XVII и XVIII вв. | |
| 330 | |a В ряду гениев мировой литературы Жан-Батист Мольер (1622-1673) занимает одно из самых видных мест. Комедии Мольера переведены почти на все языки мира. Имя Мольера блистает во всех трудах по истории мировой литературы. В книгу вошли произведения: "Смешные жеманницы", "Брак поневоле", "Тартюф, или Обманщик", "Дон Жуан, или Каменный гость", "Мизантроп", "Лекарь поневоле", "Скупой", "Господин де Пурсоньяк", "Мещанин во дворянстве", "Плутни Скапена", "Мнимый больной". | ||
| 600 | 0 | |a Мольер |c настоящее имя Жан-Батист Поклен |c французский комедиограф |f 1622-1673 |c актер |2 stltpush |3 (RuTPU)RU\TPU\pers\826 | |
| 610 | 1 | |a французская литература | |
| 610 | 1 | |a комедии | |
| 610 | 1 | |a классика | |
| 675 | |a 84 |v 3 | ||
| 700 | 0 | |a Мольер |c настоящее имя Жан-Батист Поклен |c французский комедиограф |c актер |f 1622-1673 |2 stltpush |3 (RuTPU)RU\TPU\pers\826 | |
| 702 | 1 | |a Бояджиева |b Г. |4 080 | |
| 702 | 1 | |a Бриссар |b П. |4 440 | |
| 702 | 1 | |a Яковлева |b Н. |4 730 | |
| 801 | 0 | |a RU |b RuMRKP |c 19950704 |g psbo | |
| 801 | 1 | |a RU |b 63413507 |c 20051014 |g PSBO | |
| 801 | 2 | |a RU |b 63413507 |c 20161219 |g PSBO | |
| 942 | |c BK | ||